| 000 | 00571nam a2200217Ia 4500 | ||
|---|---|---|---|
| 003 | OSt | ||
| 005 | 20230509095619.0 | ||
| 008 | 210423s2008 xx 000 0 und d | ||
| 020 | _a9788131213742 | ||
| 040 | _cAL | ||
| 041 | _aeng | ||
| 082 |
_a616.0756 _223 _bBURC |
||
| 100 |
_aBURTIS (Carl A);others,Ed. _9100271 |
||
| 245 | _aTietz fundamentals of clinical chemistry. | ||
| 250 | _a6 | ||
| 260 |
_aNew Delhi _bElsevier India _c2008 |
||
| 300 |
_axx,952 _bPB |
||
| 365 |
_b995 _cINR |
||
| 906 | _achemistry ; clinical ; fundamentals ; Tietz | ||
| 942 |
_2ddc _cBK |
||
| 999 |
_c163930 _d163930 |
||